01224cam a2200289 a 45000010008000000030006000080050017000140080041000310100017000720200035000890200040001240350012001640400018001760410013001940500023002070820016002301300061002462450270003072600102005773000046006795040053007255460036007786500037008147000033008517000020008847000030009044469995AUA.120251120114415.0960306s1998 miua b 001 0 heb  a 96012373  a0802837867qcloth : alk. paper a9780802837868q(cloth : alk. paper) a4469995 aDLCcDLCdDLC0 ahebaeng00aBS715.5b.L46 199800a221.4/42200 aBible.pOld Testament.lHebrew.sLeningrad Codex.f1998.14aThe Leningrad Codex :ba facsimile edition /cgeneral editor, David Noel Freedman ; managing editor, Astrid B. Beck ; associate editors, Bruce E. Zuckerman, Marilyn J. Lundberg ; publication editor, James A. Sanders ; photographers, Bruce E. Zuckerman ... [et al.]. aGrand Rapids, Mich. :bWm. B. Eerdmans ;aLeiden ;aNew York :bBrill Academic Publishers,c1998. ali, 1016 p. :bill. (some col.) ;c34 cm. aIncludes bibliographical references and indexes. aIntroductory matter in English. 0aManuscripts, HebrewxFacsimiles.1 aFreedman, David Noel,d1922-1 aBeck, Astrid B.1 aSanders, James A.,d1927-